000 00752nam a2200217 a 4500
001 000019765
005 20200929170130.0
008 780912s1956 sp 000 0 spa d
040 _aDO-SdBNP
_bspa
_cDLC
_dBNPHU
082 _a921.8
_bP718T
100 1 _aTovar, Antonio,
_d1911-1984.
_942224
245 1 3 _aUn libro sobre Platón /
_cAntonio Tovar.
260 _aMadrid, (España) :
_bEditorial Espasa-Calpe,
_c1956.
300 _a162, [14] p. ;
_c18 cm.
490 1 _aAustral. Verde: ensayos y filosofía,
_v1272
600 1 4 _aPLATÓN
_d428?-347 a. C.
_xCRÍTICA E INTERPRETACIÓN
_932224
650 4 _aEnsayos españoles
_93095
830 0 _aAustral. Verde: ensayos y filosofía;
_v1272
_98733
910 _aCatalogación derivada / LC
049 _aBNGR
999 _c19279
_d19279